Fundamentos de Ecología

में बचाया:
ग्रंथसूची विवरण
मुख्य लेखक: Odum, Eugene P. (autor)
अन्य लेखक: Warrett, Gary W
स्वरूप: पुस्तक
भाषा:स्पेनिश
प्रकाशित: Ciudad de México Thomson 2006
संस्करण:Quinta edición
विषय:
ऑनलाइन पहुंच:Disponible Online
टैग: टैग जोड़ें
कोई टैग नहीं, इस रिकॉर्ड को टैग करने वाले पहले व्यक्ति बनें!

MARC

LEADER 00000nam a2200000 a 4500
001 UCI2874
003 CL-VaPUC
005 20220926123609.0
008 070928e20060000MX |||||||||||||||||spa|d
999 |c 327288  |d 327286 
020 |a 9706864709 
040 |c Pontificia Universidad Católica de Valparaíso 
082 0 4 |a 577 ODU 2006  |2 21 
100 |a Odum, Eugene P.  |e autor  |9 308671 
245 1 0 |a Fundamentos de Ecología 
250 |a Quinta edición 
260 |a Ciudad de México  |b Thomson  |c 2006 
300 |a 598 páginas 
583 |a last modification  |c 20070928 00:00:00  |k Rodrigo Vera 
650 0 |a Ecología   |9 258124 
700 0 |a Warrett, Gary W  |9 524082 
856 |u http://bibliografiadigital.pucv.cl.pucv.idm.oclc.org/index.php/bibliotecapucv/catalog/book/577  |y Disponible Online  
942 |c BK  |2 ddc 
945 |d 20070928 00:00:00  |a jtorresc 
952 |0 0  |1 0  |2 ddc  |4 0  |6 577_000000000000000_ODU_2006  |7 0  |8 A  |9 409924  |a BIBCUR  |b BIBCUR  |d 2019-11-22  |i 4370902  |o 577 ODU 2006  |p 4370902  |r 2025-04-22  |t 1  |w 2019-11-22  |y BK  |k BIO 
952 |0 0  |1 0  |2 ddc  |4 0  |6 577_000000000000000_ODU_2006  |7 0  |8 A  |9 409925  |a BIBCUR  |b BIBCUR  |d 2019-11-22  |i 4370910  |o 577 ODU 2006  |p 4370910  |r 2025-04-22  |t 2  |w 2019-11-22  |y BK  |k BIO 
952 |0 0  |1 0  |2 ddc  |4 0  |6 577_000000000000000_ODU_2006  |7 0  |8 A  |9 409926  |a BIBCUR  |b BIBCUR  |d 2019-11-22  |i 4384962  |o 577 ODU 2006  |p 4384962  |r 2025-04-22  |t 3  |w 2019-11-22  |y BK  |k BIO 
952 |0 0  |1 0  |2 ddc  |4 0  |6 577_000000000000000_ODU_2006  |7 0  |8 A  |9 409927  |a BIBCUR  |b BIBCUR  |d 2019-11-22  |i 4390075  |o 577 ODU 2006  |p 4390075  |r 2025-04-22  |t 4  |w 2019-11-22  |y BK  |k BIO 
952 |0 0  |1 0  |2 ddc  |4 0  |6 577_000000000000000_ODU_2006  |7 0  |8 A  |9 409928  |a BIBCUR  |b BIBCUR  |d 2019-11-22  |i 4390083  |o 577 ODU 2006  |p 4390083  |r 2025-04-22  |t 5  |w 2019-11-22  |y BK  |k BIO 
952 |0 0  |1 0  |2 ddc  |4 0  |6 577_000000000000000_ODU_2006  |7 0  |8 A  |9 409929  |a BIBCUR  |b BIBCUR  |d 2019-11-22  |i 4390091  |o 577 ODU 2006  |p 4390091  |r 2025-04-22  |t 6  |w 2019-11-22  |y BK  |k BIO 
952 |0 0  |1 0  |2 ddc  |4 0  |6 577_000000000000000_ODU_2006  |7 0  |8 A  |9 409931  |a BIBCUR  |b BIBCUR  |d 2019-11-22  |i 4390113  |o 577 ODU 2006  |p 4390113  |r 2025-04-22  |t 8  |w 2019-11-22  |y BK  |k BIO 
952 |0 0  |1 0  |2 ddc  |4 0  |6 577_000000000000000_ODU_2006  |7 0  |8 A  |9 409932  |a BIBCUR  |b BIBCUR  |d 2019-11-22  |i 4501195  |o 577 ODU 2006  |p 4501195  |r 2025-04-22  |t 9  |w 2019-11-22  |y BK  |k BIO 
952 |0 0  |1 0  |2 ddc  |4 0  |6 577_000000000000000_ODU_2006  |7 0  |8 A  |9 409933  |a BIBCUR  |b BIBCUR  |d 2019-11-22  |i 4501209  |o 577 ODU 2006  |p 4501209  |r 2025-04-22  |t 10  |w 2019-11-22  |y BK  |k BIO 
952 |0 0  |1 0  |2 ddc  |4 0  |6 577_000000000000000_ODU_2006  |7 0  |8 A  |9 409934  |a BIBCUR  |b BIBCUR  |d 2019-11-22  |i 4501217  |o 577 ODU 2006  |p 4501217  |r 2025-04-22  |t 11  |w 2019-11-22  |y BK  |k BIO 
952 |0 0  |1 0  |2 ddc  |4 0  |6 577_000000000000000_ODU_2006  |7 0  |8 A  |9 409935  |a BIBCUR  |b BIBCUR  |d 2019-11-22  |i 4501225  |o 577 ODU 2006  |p 4501225  |r 2025-04-22  |t 12  |w 2019-11-22  |y BK  |k BIO 
952 |0 0  |1 0  |2 ddc  |4 0  |6 577_000000000000000_ODU_2006  |7 0  |8 A  |9 409936  |a BIBCUR  |b BIBCUR  |d 2019-11-22  |i 4501233  |o 577 ODU 2006  |p 4501233  |r 2025-04-22  |t 13  |w 2019-11-22  |y BK  |k BIO 
952 |0 0  |1 0  |2 ddc  |4 0  |6 577_000000000000000_ODU_2006  |7 0  |8 A  |9 409937  |a BIBCUR  |b BIBCUR  |d 2019-11-22  |i 4501241  |o 577 ODU 2006  |p 4501241  |r 2025-04-22  |t 14  |w 2019-11-22  |y BK  |k BIO 
952 |0 0  |1 0  |2 ddc  |4 0  |6 577_000000000000000_ODU_2006  |7 0  |8 A  |9 409938  |a BIBCUR  |b BIBCUR  |d 2019-11-22  |i 450125K  |o 577 ODU 2006  |p 450125K  |r 2025-04-22  |t 15  |w 2019-11-22  |y BK  |k BIO 
952 |0 0  |1 0  |2 ddc  |4 0  |6 577_000000000000000_ODU_2006  |7 0  |8 A  |9 409939  |a BIBCUR  |b BIBCUR  |d 2019-11-22  |i 4501268  |o 577 ODU 2006  |p 4501268  |r 2025-04-22  |t 16  |w 2019-11-22  |y BK  |k BIO